书目信息 |
| 题名: |
龟兔赛跑
|
|
| 作者: | 梅拉妮·威廉森著、 绘 | |
| 分册: | 3 三级 | |
| 出版信息: | 北京 外语教学与出版社 2021.03 |
|
| 页数: | 15页 | |
| 开本: | 20cm | |
| 丛书名: | ||
| 单 册: | ||
| 中图分类: | H319.4 | |
| 科图分类: | ||
| 主题词: | 英语 | |
| 电子资源: | ||
| ISBN: | 978-7-5213-1734-3 | |
| 000 | 00748nam0 2200229 450 | |
| 001 | 2633408341 | |
| 005 | 20260624104652.47 | |
| 010 | @a978-7-5213-1734-3 | |
| 100 | @a20260624d2021 km y0chiy0120 ea | |
| 101 | 0 | @achi |
| 102 | @aCN@b110000 | |
| 200 | 1 | @a龟兔赛跑@AGui Tu Sai Pao@e大猫英语分级阅读@h3@i三级@f(英)梅拉妮·威廉森著、绘@F(Ying)Mei La Ni·Wei Lian Sen Zhu、Hui |
| 210 | @a北京@c外语教学与出版社@d2021.03 | |
| 215 | @a15页@d20cm | |
| 300 | @a适合小学三、四年级 | |
| 517 | 1 | @a大猫英语分级阅读@ADa Mao Ying Yu Fen Ji Yue Du |
| 517 | 1 | @a三级@ASan Ji |
| 606 | 0 | @a英语 |
| 690 | @aH319.4@v4 | |
| 701 | 0 | @a梅拉妮·威廉森著、@AMei La Ni·Wei Lian Sen Zhu、@4绘 |
| 801 | 0 | @aCN@b河南城建学院图书馆@c20260624 |
| 905 | @dH319.4@eM439:3:3 | |
| 龟兔赛跑:大猫英语分级阅读.3.三级/(英)梅拉妮·威廉森著、绘.-北京:外语教学与出版社,2021.03 |
| 15页;20cm |
| 适合小学三、四年级 |
| ISBN 978-7-5213-1734-3: |
| ● |
| 相关链接 |
|
|
|
正题名:龟兔赛跑
索取号:H319.4/M439:3:3
 
预约/预借
| 序号 | 登录号 | 条形码 | 馆藏地/架位号 | 状态 | 备注 |
| 1 | 1557062 | 215570629 | 外国语学院资料室/ [索取号:H319.4/M439:3:3] | 在馆 |